000
00345nam a2200145Ia 4500
008
220216s9999 xx 000 0 und d
100
_a
Tuffley J
245
0
_a
Use of rubber in cycles and motor cycles
260
_b
Rubber Developments
_c
1953
300
_a
123
650
_a
Motor cycles
650
_a
Rubber
650
_a
Tyre
942
_c
JS
999
_c
71939
_d
71939